Mystery Taylor Swift Song #143 - Statistics

General Stats
  • This quiz has been taken 203 times
  • The average score is 81 of 114
Answer Stats
Song % Correct
(I
95%
I
95%
a
92%
(you
91%
you)
91%
you
91%
Red
89%
love
88%
the
88%
to
88%
we
87%
And
86%
It
86%
like)
86%
like
86%
be
84%
in
84%
me)
84%
me
84%
when
84%
We're
82%
But
80%
don't
80%
for
80%
want
80%
I'm
79%
is
79%
of
79%
If
78%
know
78%
This
78%
It's
77%
night
77%
too
77%
22
76%
(oh
76%
oh!
76%
Oh
76%
ooh
76%
our
76%
make
75%
will
75%
about
74%
feels
74%
I'll
74%
just
74%
up
74%
have
73%
keep
73%
Yeah
73%
at
72%
feeling
72%
perfect
72%
(alright)
71%
alright
71%
bet
71%
(dancing
71%
dancing
71%
dress
71%
Everything
71%
fun
71%
midnight
71%
next
71%
one
71%
time
71%
exes
70%
happy
70%
hipsters
70%
fall
69%
same
69%
those
69%
with
69%
lonely
68%
confused
67%
magical
67%
forget
66%
free
66%
best
65%
nights
65%
Tonight's
65%
way
65%
strangers
64%
look
62%
many
62%
whole
62%
breakfast
61%
seems
61%
sleeping
61%
won't
61%
crowded
60%
kids
60%
miserable
60%
place
60%
cool
59%
deadlines
59%
gotta
59%
scene
59%
Taylor
58%
bad
56%
ditch
56%
Instead
56%
Swift
56%
news
54%
uh
54%
end
53%
heartbreaks
53%
dreaming
52%
(who's
51%
anyway?)
48%
(hey!)
42%
hey
42%
woah)
30%
No matching quizzes found
Score Distribution
Percent of People with Each Score
Percentile by Number Answered
Your Score History
You have not taken this quiz